| 000 | 01166cam a2200313 i 4500 | ||
|---|---|---|---|
| 999 |
_c200444160 _d62372 |
||
| 001 | 65357 | ||
| 003 | TR-AnTOB | ||
| 005 | 20230904114613.0 | ||
| 008 | 100210s1998 tu d b 001 0 tur d | ||
| 040 |
_aTR-AnTOB _btur _erda _cTR-AnTOB |
||
| 041 | 0 | _atur | |
| 050 | 4 |
_aHF1416.5 _b.T38 1998 |
|
| 090 |
_aHF1416.5 _b.T38 1998 |
||
| 100 | 1 |
_aTatlıdil, Rezan, _d1951- _eauthor _921994 |
|
| 245 | 1 | 0 |
_aİhracata yönelik küçük ve orta ölçekli işletmelerde pazarlama eğitiminin firma gelişimine katkısı, İzmir örneği / _cProf. Dr. Rezan Tatlıdil, Arş. Gör. Aykan Candemir. |
| 264 | 1 |
_aİzmir : _b[İzmir Ticaret Odası Yayını], _c1998. |
|
| 300 |
_aix, 202 pges : _btables ; _c27 cm. |
||
| 336 |
_atext _btxt _2rdacontent |
||
| 337 |
_aunmediated _bn _2rdamedia |
||
| 338 |
_avolume _bnc _2rdacarrier |
||
| 490 | 1 |
_aYayın no ; _v50. |
|
| 650 | 7 |
_aİhracat pazarlaması _zTürkiye _2etuturkob _985403 |
|
| 700 | 1 |
_aCandemir, Aykan _eauthor _9169069 |
|
| 710 | 2 |
_aİzmir Ticaret Odası _eissuing body _957135 |
|
| 830 | 0 |
_aİzmir Ticaret Odası yayınları ; _v50. _975648 |
|
| 942 |
_2lcc _cBK |
||